[Event "Angers op 14th"]
[Site "Angers"]
[Date "2019.06.02"]
[Round "5"]
[White "Daeschler, Florian"]
[Black "Dandin, Olivier"]
[Result "1-0"]
[WhiteElo "2329"]
[BlackElo "2041"]
[PlyCount "77"]
[EventDate "2019.05.31"]
[EventType "swiss"]
[EventRounds "6"]
[EventCountry "FRA"]
[SourceTitle "CBM 190 Extra"]
[Source "ChessBase"]
[SourceDate "2019.07.15"]
[SourceVersion "1"]
[SourceVersionDate "2019.07.15"]
[SourceQuality "1"]

1. d4 b6 2. e4 Bb7 3. Bd3 Nf6 4. Nd2 e6 5. Ne2 d5 6. e5 Ne4 7. c3 Nxd2 8. Bxd2 c5 9. 0-0 c4 10. Bc2 Nd7 11. f4 g6 12. f5 gxf5 13. Nf4 Qh4 14. g3 Rg8 15. Ng2 Qg4 16. Qxg4 Rxg4 17. Bd1 Rg8 18. Bh5 Be7 19. g4 Bg5 20. Be1 Bc8 21. gxf5 Nf8 22. h4 Bh6 23. f6 Bd7 24. Kh2 Ng6 25. Bd1 Kd8 26. Bc2 Kc7 27. Bg3 b5 28. h5 Nf8 29. Bf4 Bg5 30. Bxg5 Rxg5 31. Nf4 Ng6 32. hxg6 hxg6 33. Rf3 a5 34. Rg1 Rxg1 35. Kxg1 b4 36. Kg2 b3 37. axb3 Rb8 38. b4 Be8 39. Nxe6+ 1-0

[Event "Angers op 14th"]
[Site "Angers"]
[Date "2019.06.02"]
[Round "6"]
[White "Dandin, Olivier"]
[Black "Soham, Das1"]
[Result "0-1"]
[WhiteElo "2041"]
[BlackElo "2386"]
[PlyCount "20"]
[EventDate "2019.05.31"]
[EventType "swiss"]
[EventRounds "6"]
[EventCountry "FRA"]
[SourceTitle "CBM 190 Extra"]
[Source "ChessBase"]
[SourceDate "2019.07.15"]
[SourceVersion "1"]
[SourceVersionDate "2019.07.15"]
[SourceQuality "1"]

1. b3 e5 2. Bb2 Nc6 3. c4 Nf6 4. Nf3 e4 5. Nd4 Bc5 6. Nf5 0-0 7. e3 Re8 8. Nc3 Bf8 9. Nd5 Nxd5 10. Nh6+ gxh6 0-1

[Event "Angers op 14th"]
[Site "Angers"]
[Date "2019.06.01"]
[Round "4"]
[White "Dandin, Olivier"]
[Black "Bouvet, Florian"]
[Result "1-0"]
[WhiteElo "2041"]
[BlackElo "2206"]
[PlyCount "105"]
[EventDate "2019.05.31"]
[EventType "swiss"]
[EventRounds "6"]
[EventCountry "FRA"]
[SourceTitle "CBM 190 Extra"]
[Source "ChessBase"]
[SourceDate "2019.07.15"]
[SourceVersion "1"]
[SourceVersionDate "2019.07.15"]
[SourceQuality "1"]

1. b3 Nf6 2. Bb2 d5 3. Nf3 g6 4. g3 Bg7 5. Bg2 0-0 6. c4 c6 7. Qc2 Na6 8. a3 dxc4 9. bxc4 Qa5 10. Bc3 Qb6 11. 0-0 Nc5 12. d3 Re8 13. Nbd2 Nfd7 14. Rab1 Qc7 15. Ng5 e5 16. Nde4 Nxe4 17. Nxe4 f5 18. Ng5 h6 19. Nf3 b6 20. Nh4 Kh7 21. e4 Nc5 22. exf5 gxf5 23. f4 e4 24. dxe4 Nxe4 25. Bxg7 Qxg7 26. Rbe1 Qd4+ 27. Kh1 Be6 28. Bxe4 fxe4 29. Rc1 Bg4 30. Kg2 Rad8 31. h3 Bc8 32. Rcd1 Qf6 33. Rxd8 Qxd8 34. Rd1 Qf6 35. c5 bxc5 36. Qxc5 Qb2+ 37. Kg1 Qb3 38. Qxa7+ Kg8 39. Rd2 Bxh3 40. Kh2 Be6 41. Re2 Bg4 42. Qe3 Qb1 43. Rd2 Qf1 44. f5 Qh3+ 45. Kg1 Bxf5 46. Qxh6 Qg4 47. Nxf5 Qxf5 48. Rh2 Qc5+ 49. Kh1 Re7 50. Rh5 Qc3 51. Rg5+ Rg7 52. Qe6+ Kh8 53. Qe8+ 1-0

[Event "Angers op 14th"]
[Site "Angers"]
[Date "2019.05.31"]
[Round "2"]
[White "Dandin, Olivier"]
[Black "Harutyunyan, Ruben"]
[Result "0-1"]
[WhiteElo "2041"]
[BlackElo "2315"]
[PlyCount "76"]
[EventDate "2019.05.31"]
[EventType "swiss"]
[EventRounds "6"]
[EventCountry "FRA"]
[SourceTitle "CBM 190 Extra"]
[Source "ChessBase"]
[SourceDate "2019.07.15"]
[SourceVersion "1"]
[SourceVersionDate "2019.07.15"]
[SourceQuality "1"]

1. b3 d5 2. Bb2 Bg4 3. h3 Bh5 4. Nf3 Bxf3 5. exf3 Nf6 6. g3 e6 7. Bg2 g6 8. Qe2 c6 9. f4 Bg7 10. d3 0-0 11. Nd2 a5 12. 0-0 Nh5 13. Be5 Nd7 14. Bf3 Nhf6 15. Bg2 Nxe5 16. fxe5 Nd7 17. f4 a4 18. Kh2 Qa5 19. d4 Qc3 20. Qd3 Qxd3 21. cxd3 c5 22. dxc5 Nxc5 23. d4 Nd3 24. Rf3 Nb4 25. a3 Nc2 26. Ra2 Nxd4 27. Rd3 Ne2 28. Re3 Nc1 29. Rc2 Rfc8 30. Rec3 Rxc3 31. Rxc3 Nxb3 32. Nxb3 axb3 33. Rxb3 Bf8 34. Rxb7 Rxa3 35. Rb2 Bc5 36. h4 Bd4 37. Rc2 Bc3 38. Bf1 Be1 0-1

[Event "Angers op 9th"]
[Site "Angers"]
[Date "2014.05.11"]
[Round "6"]
[White "Dandin, Olivier"]
[Black "Letonnelier, Jean Pierre"]
[Result "1-0"]
[WhiteElo "2054"]
[BlackElo "1834"]
[PlyCount "113"]
[EventDate "2014.05.09"]
[EventType "swiss"]
[EventRounds "6"]
[EventCountry "FRA"]
[SourceTitle "CBM 160 Extra"]
[Source "ChessBase"]
[SourceDate "2014.07.01"]
[SourceVersion "1"]
[SourceVersionDate "2014.07.01"]
[SourceQuality "1"]

1. d4 Nf6 2. Nf3 e6 3. g3 b6 4. Bg2 Bb7 5. 0-0 Be7 6. c4 0-0 7. Nc3 d5 8. Ne5 c6 9. e4 dxc4 10. Nxc4 Na6 11. e5 Nd5 12. Re1 Nxc3 13. bxc3 b5 14. Ne3 Nc7 15. Be4 Nd5 16. Nxd5 exd5 17. Bc2 Bc8 18. Qd3 g6 19. Qf3 Be6 20. Bh6 Re8 21. h4 Bf8 22. Bg5 Qd7 23. Bf6 Bg4 24. Qf4 Bf5 25. Bd1 Bg7 26. Bxg7 Kxg7 27. g4 Be6 28. Re3 Qe7 29. Kg2 Rh8 30. Rh3 h5 31. Rh2 hxg4 32. Bxg4 Bxg4 33. Qxg4 Rh5 34. Rh3 Rah8 35. Rah1 a5 36. f4 Qe6 37. Rg3 Qxg4 38. Rxg4 Re8 39. Rg5 Kf8 40. Rxh5 gxh5 41. Kf3 f6 42. Rg1 Kf7 43. a3 a4 44. exf6 Kxf6 45. Rg5 Re1 46. Rxh5 Kg6 47. Rg5+ Kf6 48. h5 Ra1 49. Rg6+ Kf7 50. Rxc6 Rxa3 51. Kg4 Rb3 52. Kg5 a3 53. Rc7+ Ke8 54. h6 Rxc3 55. Rxc3 b4 56. Rc7 Kd8 57. Ra7 1-0

[Event "Angers op 8th"]
[Site "Angers"]
[Date "2013.05.05"]
[Round "5"]
[White "Maruejols, Paul"]
[Black "Dandin, Olivier"]
[Result "0-1"]
[WhiteElo "1477"]
[BlackElo "2071"]
[PlyCount "38"]
[EventDate "2013.05.03"]
[EventType "swiss"]
[EventRounds "6"]
[EventCountry "FRA"]
[SourceTitle "CBM 154 Extra"]
[Source "ChessBase"]
[SourceDate "2013.06.25"]
[SourceVersion "2"]
[SourceVersionDate "2013.06.25"]
[SourceQuality "1"]

1. e4 c5 2. Nf3 e6 3. d4 cxd4 4. Nxd4 a6 5. Nc3 Qc7 6. Be2 Nc6 7. 0-0 Nf6 8. Be3 b5 9. a3 Bb7 10. f4 Na5 11. Bf3 Nc4 12. Bc1 e5 13. Nde2 Bc5+ 14. Kh1 h5 15. b3 Ne3 16. Bxe3 Bxe3 17. fxe5 Qxe5 18. Nd5 Ng4 19. Bxg4 hxg4 0-1

[Event "Angers op 7th"]
[Site "Angers"]
[Date "2012.04.20"]
[Round "1"]
[White "Templier, Benoit"]
[Black "Dandin, Olivier"]
[Result "1/2-1/2"]
[WhiteElo "1685"]
[BlackElo "2107"]
[PlyCount "125"]
[EventDate "2012.04.20"]
[EventType "swiss"]
[EventRounds "6"]
[EventCountry "FRA"]
[SourceTitle "CBM 148 Extra"]
[Source "ChessBase"]
[SourceDate "2012.06.22"]
[SourceVersion "1"]
[SourceVersionDate "2012.06.22"]
[SourceQuality "1"]

1. c4 e6 2. Nc3 d5 3. cxd5 exd5 4. d4 Nf6 5. Nf3 Be7 6. g3 0-0 7. Bg2 c6 8. 0-0 Nbd7 9. a3 Ne8 10. e3 Nd6 11. b3 Nf6 12. Ne5 Bf5 13. Bb2 Qc8 14. Rc1 Qe6 15. Nd3 Nfe4 16. Nc5 Nxc3 17. Rxc3 Qh6 18. Re1 b6 19. Nd3 Nb5 20. Rc1 Bxd3 21. Qxd3 Bxa3 22. Bxa3 Nxa3 23. Qa6 Qd6 24. e4 Qb4 25. exd5 cxd5 26. Bxd5 Rad8 27. Qb7 Nb5 28. Re7 Nd6 29. Qxa7 Qxd4 30. Bc4 Nc8 31. Bxf7+ Kh8 32. Rxc8 Rxc8 33. Qd7 Qxd7 34. Rxd7 Rcd8 35. Rb7 Rd6 36. Bc4 h6 37. h4 h5 38. Rf7 Rxf7 39. Bxf7 g6 40. Kg2 Kg7 41. Bc4 Kf6 42. Kf3 Ke5 43. Ke3 Rd1 44. Bf7 Kf6 45. Bc4 Rd6 46. Ke4 Rd2 47. f3 Rg2 48. Kf4 Rb2 49. g4 b5 50. Bxb5 Rxb3 51. Be8 Rb8 52. Bc6 Rb4+ 53. Kg3 hxg4 54. fxg4 Ke5 55. h5 g5 56. Bd7 Rb3+ 57. Kf2 Kf4 58. Ke2 Rb2+ 59. Kd3 Rh2 60. Kc4 Rh1 61. Kc5 Ke5 62. Bf5 Rc1+ 63. Kb6 1/2-1/2

[Event "Angers op 5th"]
[Site "Angers"]
[Date "2010.04.25"]
[Round "6"]
[White "Dandin, Olivier"]
[Black "Primel, Dominique"]
[Result "1/2-1/2"]
[WhiteElo "2085"]
[BlackElo "1931"]
[PlyCount "87"]
[EventDate "2010.04.23"]
[EventType "swiss"]
[EventRounds "6"]
[EventCountry "FRA"]
[SourceTitle "EXT 2011"]
[Source "ChessBase"]
[SourceDate "2010.11.26"]
[SourceVersion "1"]
[SourceVersionDate "2010.11.26"]
[SourceQuality "1"]

1. b3 Nf6 2. Bb2 d5 3. e3 g6 4. h3 Bg7 5. g4 h6 6. Bg2 c5 7. Ne2 Nc6 8. Nf4 e5 9. Nd3 Qd6 10. f4 exf4 11. Nxf4 0-0 12. Nc3 d4 13. Nb5 Qe7 14. 0-0 a6 15. Na3 g5 16. Nd3 dxe3 17. Re1 Be6 18. dxe3 Rad8 19. Qe2 Nb4 20. Rad1 Qc7 21. Be5 Qa5 22. Nc4 Bxc4 23. bxc4 Rfe8 24. Bc3 Ne4 25. Bxg7 Kxg7 26. Bxe4 Rxe4 27. Nxc5 Rxd1 28. Nxe4 Rxe1+ 29. Qxe1 Qe5 30. Qxb4 Qxe4 31. Qc3+ Kg8 32. Qd3 Qe5 33. Kg2 Qb2 34. a3 Qe5 35. Qd8+ Kh7 36. Qd4 Qe7 37. c5 Kg8 38. e4 Kh7 39. Qd5 Kg7 40. a4 Kh7 41. c6 bxc6 42. Qxc6 a5 43. Kf3 Qa3+ 44. Kg2 1/2-1/2

[Event "Angers op 5th"]
[Site "Angers"]
[Date "2010.04.24"]
[Round "4"]
[White "Dandin, Olivier"]
[Black "David, Vincent"]
[Result "0-1"]
[WhiteElo "2085"]
[BlackElo "2418"]
[PlyCount "85"]
[EventDate "2010.04.23"]
[EventType "swiss"]
[EventRounds "6"]
[EventCountry "FRA"]
[SourceTitle "EXT 2011"]
[Source "ChessBase"]
[SourceDate "2010.11.26"]
[SourceVersion "1"]
[SourceVersionDate "2010.11.26"]
[SourceQuality "1"]

1. b3 d5 2. Bb2 c6 3. e3 Nf6 4. Nf3 Bg4 5. Be2 Bxf3 6. Bxf3 Nbd7 7. d4 e6 8. Nd2 Be7 9. 0-0 0-0 10. c4 b5 11. cxb5 cxb5 12. a3 a5 13. Qe2 Qb6 14. Rfc1 Rfc8 15. Qd3 Ne8 16. e4 Ndf6 17. e5 Nd7 18. Be2 Nc7 19. Rc2 a4 20. b4 Qb7 21. Rac1 Nb6 22. Qf3 Rab8 23. Qh5 Nc4 24. Bxc4 dxc4 25. Rc3 Nd5 26. Rh3 h6 27. Rf3 Bg5 28. Ne4 Nf4 29. Rxf4 Bxf4 30. Nd6 Qd7 31. Rc3 f5 32. Rf3 Bd2 33. Bc3 Bxc3 34. Rxc3 Rc6 35. Rg3 Rxd6 36. exd6 Kh8 37. Qg6 Rc8 38. d5 c3 39. dxe6 c2 40. h3 c1Q+ 41. Kh2 Qcc6 42. e7 Rg8 43. Rd3 0-1

[Event "Angers op 5th"]
[Site "Angers"]
[Date "2010.04.23"]
[Round "1"]
[White "Dandin, Olivier"]
[Black "Secher, Daniel"]
[Result "1-0"]
[WhiteElo "2085"]
[BlackElo "1833"]
[PlyCount "51"]
[EventDate "2010.04.23"]
[EventType "swiss"]
[EventRounds "6"]
[EventCountry "FRA"]
[SourceTitle "EXT 2011"]
[Source "ChessBase"]
[SourceDate "2010.11.26"]
[SourceVersion "1"]
[SourceVersionDate "2010.11.26"]
[SourceQuality "1"]

1. b3 e5 2. Bb2 Nc6 3. c4 Nf6 4. e3 d5 5. cxd5 Nxd5 6. a3 Be7 7. Qc2 Bf6 8. d3 0-0 9. Nd2 e4 10. Nxe4 Bxb2 11. Qxb2 Bf5 12. Ng3 Bg6 13. h4 h6 14. h5 Bh7 15. b4 Re8 16. Nf3 Qd6 17. Ne4 Qe7 18. 0-0-0 b5 19. Nc3 Ndxb4 20. axb4 Nxb4 21. Rh4 a5 22. Rg4 Qc5 23. Kb1 Qxh5 24. Rxg7+ Kxg7 25. Nd5+ Re5 26. g4 1-0

[Event "Angers op 1st"]
[Site "Angers"]
[Date "2006.05.06"]
[Round "2"]
[White "Mallet, Gregoire"]
[Black "Dandin, Olivier"]
[Result "0-1"]
[WhiteElo "1710"]
[BlackElo "1990"]
[PlyCount "80"]
[EventDate "2006.05.06"]
[EventType "swiss"]
[EventRounds "6"]
[EventCountry "FRA"]
[SourceTitle "EXT 2007"]
[Source "ChessBase"]
[SourceDate "2006.11.23"]
[SourceVersion "1"]
[SourceVersionDate "2006.11.23"]
[SourceQuality "1"]

1. d4 d5 2. c4 e6 3. Nc3 Nf6 4. Nf3 Be7 5. Bf4 c6 6. e3 0-0 7. Bd3 Nbd7 8. cxd5 exd5 9. Qc2 Re8 10. 0-0-0 Nf8 11. h3 Be6 12. Kb1 Bd6 13. Bxd6 Qxd6 14. Ne5 Re7 15. f4 Rae8 16. g4 Bc8 17. Ne2 N6d7 18. Ng3 Nb6 19. g5 Rc7 20. Qf2 Na4 21. f5 Qb4 22. Qc2 Nb6 23. g6 f6 24. gxh7+ Nxh7 25. Ng4 Ng5 26. Nh5 Qd6 27. h4 Ne4 28. Bxe4 Rxe4 29. Ngxf6+ gxf6 30. Qg2+ Kf8 31. Rhg1 Rf7 32. Qg8+ Ke7 33. Rg7 Rxg7 34. Qxg7+ Kd8 35. Nxf6 Qe7 36. Qg8+ Kc7 37. Nxe4 Qxe4+ 38. Ka1 Bxf5 39. Qg7+ Nd7 40. h5 Bg4 0-1